000 00971nam a2200265 i 4500
001 bg
003 KOSZ 005
005 20191002090803.0
008 080302s1963 pl a f f 000 0 pol
015 _aPB 1963/3946
040 _aWA N
_cKOSZ 005/RW
_dKOSZ 005/RW
080 _a621
100 1 _aSzafarczyk, Maciej
_d(1931- ).
245 1 0 _aSterowanie programowe obrabiarek /
_cMaciej Szafarczyk.
260 _aWarszawa :
_bWydawnictwa Naukowo-Techniczne,
_c1963.
300 _a209, [1] s., [3] k. tabl. :
_bil. ;
_c25 cm.
380 _aKsiążki.
504 _aBibliogr. s. 204-[210].
521 8 _aDla inżynierów i techników oraz dla studentów wyższych uczelni technicznych.
650 4 _aObrabiarka sterowana numerycznie
655 4 _aPodręcznik
710 2 _aWydawnictwa Naukowo-Techniczne
_4pbl.
856 _uhttp://koha.tu.koszalin.pl/cgi-bin/koha/opac-detail.pl?biblionumber=10710
_yKatalog online BPK
942 _2UKD
_cKS
999 _c10710
_d10710